| 000 | 00783cam a22002411 4500 | ||
|---|---|---|---|
| 001 | sd 50000170 | ||
| 003 | DLC | ||
| 005 | 20260227112736.0 | ||
| 008 | 941006s1950 nyu b 000 0 eng c | ||
| 010 | _asd 50000170 | ||
| 035 | _a(OCoLC)31230539 | ||
| 040 |
_aU.S. Dept. of State. Library _cIEN _dDLC |
||
| 050 | 0 | 0 |
_aD410 _b.F65 vol. 26, no. 12 |
| 100 | 1 | _aLens, Sidney. | |
| 245 | 1 | 0 | _aLabor unions and politics in Britain and France. |
| 260 |
_aNew York, _bForeign Policy Association, _c1950. |
||
| 300 |
_a[130]-139, [1] p. _c27 cm. |
||
| 440 | 0 |
_aForeign policy reports, _vv. 26, no. 12 |
|
| 500 | _a"Contrasts between two postwar periods": p. [140] | ||
| 504 | _aBibliographical footnotes. | ||
| 650 | 0 |
_aLabor unions _zGreat Britain. |
|
| 650 | 0 |
_aLabor unions _zFrance. |
|
| 999 |
_c90033 _d90033 |
||